000 00547nam a22001937a 4500
005 20240312092253.0
008 240312b |||||||| |||| 00| 0 eng
020 _a9788131248843
082 _a617.8
_bDHI-D
100 _aDhingra, PL
245 _aDiseases of EAR,NOSE and THROAT ;
_bHead and Neck Surgery /
_cPL Dhingra,Shruti Dhingra
250 _a7th ed.
260 _aIndia:
_bElsevier;
_c2018.
300 _axii ; 540 p. :
_bill;
_c27 cm.
500 _ainclude index.
650 _aMedical / ENT
700 _aShruti, Dhingra
999 _c35313
_d35313